000
00312nam a22001337a 4500
082
_a
894.812.3
_b
PER/M
100
_a
PERAMBRA, ABDULLA
245
_a
MADHURIKUNNA KATHAKAL
250
_a
1
260
_a
THIRURANGADI
_b
THIRURANGADI PRINTERS
300
_a
64
650
_a
MALAYALAM SHORT STORY
_z
KERALA
942
_c
BK
999
_c
1350
_d
1350